01669cam a2200409 a 4500999001500000001000900015003000600024005001700030008004100047010001700088020002500105020002200130025003400152035002400186035002100210037005300231040003400284042002100318043001200339050002200351082002200373100002800395245007700423260007600500300003600576490004000612504005600652520006300708650005300771650007100824650006000895650007800955650005401033906004501087942001201132952011501144 c9649d964917103682GBCCL20241126110716.0110701s2011 ii b b 000 0 eng d a 2011351845 a9788184651201 (pbk.) a8184651201 (pbk.) aI-E-2011-351845; 88-91; 70-91 a(OCoLC)ocn743481826 a(OCoLC)743481826 aLibrary of Congress -- New Delhi Overseas Office aDKAGEbengcDKAGEdUKMGBdDLC alccopycatalcode aa-ii---00aBT704b.A465 201104a261.8344223bAMI1 aAmirtham, Metti.91677910aWomen in India :bnegotiating body, reclaiming agency /cMetti Amirtham. aDelhi :bIndian Society for Promoting Christian Knowledge,c2017, 2011. axxxiv, 195 p. :bmaps ;c22 cm.0 aWomen's empowerment programme ;v23 aIncludes bibliographical references (p. [181]-195). aStudy conducted in Dindigul District of Tamil Nadu, India. 0aTheologyzIndiazDindigul Anna (District)916780 0aFeminism and ChristianityzIndiazDindigul Anna (District).916781 0aWomen's rightszIndiazDindigul Anna (District).916782 0aSex discrimination against womenzIndiazDindigul Anna (District).916783 0aFeminismzIndiazDindigul Anna (District).916784 a7bcbcccopycatd3encipf20gy-gencatlg 2ddccBK 00102ddc4070aGBCbGBCcMNMSd2023-04-10l0o261.8344 AMIp016201r2025-05-01 00:00:00tc.1w2023-04-10yBK